|
|
|
|
| LEADER |
01099nam a2200229 a 4500 |
| 001 |
13656481 |
| 008 |
091015s2003 ii b 001 0 eng d |
| 010 |
|
|
|a \\2004325868
|
| 020 |
|
|
|a 8185604665
|
| 082 |
0 |
4 |
|a 305.420954
|2 22
|
| 245 |
0 |
0 |
|a Talking of power :
|b early writings of Bengali women from the mid-nineteenth century to the beginning of the twentieth century /
|c edited by Malini Bhattacharya, Abhijit Sen.
|
| 260 |
|
|
|a Kolkata :
|b Stree :
|b Distributed by Popular Prakashan,
|c c2003.
|
| 300 |
|
|
|a xiv, 168 p. ;
|c 22 cm.
|
| 504 |
|
|
|a Includes bibliographical references and index.
|
| 541 |
1 |
|
|e 00019384
|
| 650 |
|
0 |
|a Women's rights
|z India
|z Bengal.
|
| 650 |
|
0 |
|a Women and literature
|z India
|z Bengal.
|
| 700 |
1 |
|
|a Bhaṭṭācārya, Mālinī.
|
| 700 |
1 |
|
|a Sena, Abhijit̲.
|
| 852 |
4 |
|
|a Ayesha Abed Library
|j General shelf
|
| 999 |
|
|
|c 4577
|d 4577
|
| 952 |
|
|
|0 0
|1 0
|2 ddc
|4 0
|6 305_420954000000000_TAL
|7 0
|9 4362
|a BRACUL
|b BRACUL
|c GEN
|d 2009-10-15
|e Complimentary copy from ENH
|l 2
|o 305.420954 TAL
|p 3010019384
|r 2024-07-14
|s 2024-07-09
|t 1
|w 2009-10-15
|y BK
|x Transferred from ENH to Ayesha Abed library on 20/12/2023
|